The Tiger in the Grass : (Record no. 164963)

MARC details
000 -LEADER
fixed length control field 00544nam a22001817a 4500
005 - DATE AND TIME OF LATEST TRANSACTION
control field 20221025081410.0
008 - FIXED-LENGTH DATA ELEMENTS--GENERAL INFORMATION
fixed length control field 221025b ||||| |||| 00| 0 eng d
020 ## - INTERNATIONAL STANDARD BOOK NUMBER
International Standard Book Number 0670864714
050 04 - LIBRARY OF CONGRESS CALL NUMBER
Classification number PS3554.D64
Item number D67 1999
100 1# - MAIN ENTRY--PERSONAL NAME
Personal name Doerr, Harriet
245 14 - TITLE STATEMENT
Title The Tiger in the Grass :
Remainder of title Stories and other inventions /
Statement of responsibility, etc Harriet Doerr
250 ## - EDITION STATEMENT
Edition statement 1a ed.
260 ## - PUBLICATION, DISTRIBUTION, ETC. (IMPRINT)
Place of publication, distribution, etc New York :
Name of publisher, distributor, etc Viking,
Date of publication, distribution, etc 1995
300 ## - PHYSICAL DESCRIPTION
Extent 210 p. :
Other physical details il. ;
Dimensions 20 cm
504 ## - BIBLIOGRAPHY, ETC. NOTE
Bibliography, etc Incluye índice
650 #7 - SUBJECT ADDED ENTRY--TOPICAL TERM
Source of heading or term lemb
Topical term or geographic name as entry element Libros de lectura
Form subdivision Cuentos
General subdivision Inglés
942 ## - ADDED ENTRY ELEMENTS (KOHA)
Source of classification or shelving scheme Biblioteca del Cogreso de los Estados Unidos
Koha item type Libro
Holdings
Estado de pérdida Fuente de clasificación Estado del daño No para préstamo Ubicación permanente Ubicación actual Apartado o colección Fecha de adquisición Fuente de adquisición Edición Área del conocimiento Total Checkouts Clasificación Código de Barras Date last seen Número de copia Costo por reposición Tipo de recurso
  Biblioteca del Cogreso de los Estados Unidos     Biblioteca del Departamento de Idiomas Biblioteca del Departamento de Idiomas General 25/10/2022 Traspaso CADI 1a ed. Educación y Humanidades   PS3554.d64 D67 1999 BDI000005199 25/10/2022 1 1.00 Libro